Loading...
| Literature - World | 2 | 4 | 1 | 1 | 65 | 59 | 112.67 | 1 | 2 | 0.00 | 0.00 |
| Literature - American | 0 | 5 | 0 | 1 | 50 | 85 | 100.40 | 2 | 4 | 0.00 | 0.00 |
| Literature - European | 0 | 3 | 0 | 0 | 30 | 102 | 130.67 | 0 | 0 | 0.00 | 0.00 |
| History - World | 1 | 1 | 0 | 1 | 25 | 74 | 108.00 | 0 | 1 | 0.00 | 0.00 |
| Fine Arts - Other Arts | 0 | 2 | 0 | 0 | 20 | 131 | 136.00 | 0 | 0 | 0.00 | 0.00 |
| History - American | 1 | 0 | 0 | 0 | 15 | 64 | 64.00 | 0 | 1 | 0.00 | 0.00 |
| Fine Arts - Painting and Sculpture | 0 | 1 | 0 | 1 | 10 | 148 | 148.00 | 0 | 0 | 0.00 | 0.00 |
| Other Academic | 1 | 0 | 1 | 0 | 10 | 92 | 92.00 | 0 | 1 | 0.00 | 0.00 |
| Literature - British | 0 | 1 | 3 | 1 | -5 | 151 | 151.00 | 0 | 0 | 0.00 | 0.00 |